Applied welfare economics (Record no. 2079)

MARC details
000 -LEADER
fixed length control field 00441 a2200169 4500
001 - CONTROL NUMBER
control field 068401
003 - CONTROL NUMBER IDENTIFIER
control field OSt
005 - DATE AND TIME OF LATEST TRANSACTION
control field 20220217103452.0
008 - FIXED-LENGTH DATA ELEMENTS--GENERAL INFORMATION
fixed length control field
082 ## - DEWEY DECIMAL CLASSIFICATION NUMBER
Classification number 330.1556
Item number J73A
100 1# - MAIN ENTRY--PERSONAL NAME
Personal name Jones, Chris
245 1# - TITLE STATEMENT
Title Applied welfare economics
Statement of responsibility, etc by Chris Jones
260 ## - PUBLICATION, DISTRIBUTION, ETC. (IMPRINT)
Place of publication, distribution, etc New York
Name of publisher, distributor, etc Oxford University Press
Date of publication, distribution, etc 2005
300 ## - PHYSICAL DESCRIPTION
Extent 308p.
653 ## - INDEX TERM--UNCONTROLLED
Uncontrolled term Welfare economics; Economic policy
942 ## - ADDED ENTRY ELEMENTS (KOHA)
Source of classification or shelving scheme Dewey Decimal Classification
Koha item type Books
Holdings
Withdrawn status Lost status Source of classification or shelving scheme Damaged status Not for loan Collection code Home library Current library Date acquired Source of acquisition Cost, normal purchase price Full call number Barcode Date last seen Price effective from Koha item type
    Dewey Decimal Classification     General Text Book Central University Of Rajasthan Central University Of Rajasthan 07/03/2012 ECO 3333.00 330.1556 J73A 2688 21/11/2024 02/09/2020 Books